| 000 | 00485nam a2200193Ia 4500 | ||
|---|---|---|---|
| 008 | 101110s9999 xx 000 0 und d | ||
| 041 | _aENGLISH | ||
| 082 |
_bSR10832 _a651.73 |
||
| 100 | _aAtthreya N.H. | ||
| 245 | _aWritten Communication and Results | ||
| 365 | _b28 | ||
| 520 | _aCommerce | ||
| 546 | _aENGLISH | ||
| 630 | _aWritten Communication and Results | ||
| 650 | _aCommerce | ||
| 655 | _aCommerce | ||
| 730 | _aWritten Communication and Results | ||
| 942 | _cBOOK | ||
| 999 |
_c805721 _d805718 |
||